000 00815nam a2200289 a 4500
001 38569
003 AR-BaAGN
005 20231116150801.0
007 ta
008 220625s1998 ag |||||r|||| ||||||spa d
020 _a950-23-0811-5
040 _dAR-BaAGN
_aAR-BaAGN
_bspa
_eaacr
100 1 _aFilinich, María Isabel
245 1 0 _aEnunciación
250 _a1ª ed.
260 _aBuenos Aires :
_bEudeba,
_c1998.
300 _a115 páginas
336 _2rdacontent
_btxt
337 _2rdamedia
_bn
338 _2rdacarrier
_bnc
490 0 _aColección : Enciclopedia Semiológica
650 4 _aANÁLISIS DEL DISCURSO
_92220
650 4 _aSEMIOLOGÍA
_92183
710 1 _aUniversidad de Buenos Aires.
_bFacultad de Filosofía y Letras.
_bInstituto de Lingüística
942 _cLIBRO
999 _c38569
_d38569